| 000 | 01572nam a2200373 a 4500 | ||
|---|---|---|---|
| 001 | ebr10676167 | ||
| 003 | CaPaEBR | ||
| 006 | m u | ||
| 007 | cr cn||||||||| | ||
| 008 | 990503s1999 caua sb 000 0 eng d | ||
| 010 | _z 99032243 | ||
| 020 | _z0520098331 (paper : alk. paper) | ||
| 020 | _z9780520098336 | ||
| 020 | _z9780520915961 (e-book) | ||
| 040 |
_aCaPaEBR _cCaPaEBR |
||
| 035 | _a(OCoLC)777471944 | ||
| 050 | 1 | 4 |
_aGC117.C37 _bG78 1999eb |
| 082 | 0 | 4 |
_a551.46/462 _221 |
| 100 | 1 |
_aGruber, Nicolas, _d1968- |
|
| 245 | 1 | 0 |
_aSeasonal carbon cycling in the Sargasso Sea near Bermuda _h[electronic resource] / _cNicolas Gruber and Charles D. Keeling. |
| 260 |
_aBerkeley : _bUniversity of California Press, _c1999. |
||
| 300 |
_aviii, 96 p. : _bill. |
||
| 490 | 1 |
_aBulletin of the Scripps Institution of Oceanography, University of California, San Diego ; _vv. 30 |
|
| 504 | _aIncludes bibliographical references. | ||
| 533 |
_aElectronic reproduction. _bPalo Alto, Calif. : _cebrary, _d2013. _nAvailable via World Wide Web. _nAccess may be limited to ebrary affiliated libraries. |
||
| 650 | 0 |
_aSeawater _xAnalysis. |
|
| 650 | 0 |
_aCarbon _xAnalysis. |
|
| 650 | 0 | _aCarbon cycle (Biogeochemistry) | |
| 655 | 7 |
_aElectronic books. _2local |
|
| 700 | 1 |
_aKeeling, Charles D., _d1928- |
|
| 710 | 2 | _aebrary, Inc. | |
| 830 | 0 |
_aBulletin of the Scripps Institution of Oceanography, La Jolla, California ; _vv. 30. |
|
| 856 | 4 | 0 |
_uhttp://site.ebrary.com/lib/rucke/Doc?id=10676167 _zAn electronic book accessible through the World Wide Web; click to view |
| 999 |
_c58352 _d58352 |
||